| 000 | 01129nam a22002057a 4500 | ||
|---|---|---|---|
| 003 | JO-AjAnu | ||
| 005 | 20250323100105.0 | ||
| 008 | 250317b jo ||||| |||| 00| 0 ara d | ||
| 040 |
_aJO-AjAnu _bara _cJO-AjAnu _dJO-AjAnu _erda |
||
| 041 |
_aara _hara |
||
| 050 |
_aPJ7561 _b2025 |
||
| 100 | 1 |
_aعنانزة، عبدالملك راضي _eمعد _966533 |
|
| 245 | 0 |
_aبنية اللغة الشعرية في ديوان (الموت) للشاعر محمد مقدادي = The Structure of The Poetic Language in the collection (The Death) by the poet Muhammad Miqdadi / _cاعداد عبدالملك راضي عنانزة ؛ اشراف علي قاسم الخرابشة |
|
| 260 | _c2025 | ||
| 300 | _a131 ورقة | ||
| 504 | _aرسالة جامعية ( رسالة ماجستير في اللغة العربية) - جامعة عجلون الوطنية، (عجلون،الاردن) - كلية الآداب، قسم اللغة العربية، 2025. | ||
| 650 | 0 |
_aالشعر العربي - العصر الحديث -تاريخ ونقد _966534 |
|
| 700 | 1 |
_aالخرابشة، علي قاسم _eمشرف _966053 |
|
| 942 |
_2lcc _cTHS _n0 |
||
| 999 |
_c33910 _d33910 |
||